Southville International School and Colleges
Your cart is empty.
  • Cart
  • Lists
    Public lists Eva Luna New books Lux_list list_1
    Your lists Log in to create your own lists
  • Log in to your account
  • Your cookies
  • Search history
Southville International School and Colleges
  • Advanced search
  • Recent comments
  • Most popular
  • Libraries

Log in to your account

Log in with GOOGLE


If you do not have an external account, but do have a local account, you can still log in:

  1. Home
  2. MARC view: Introduction to probability and statistics :
Normal view MARC view ISBD view

Introduction to probability and statistics : (Record no. 15227)

[ view plain ]
MARC details
000 -LEADER
fixed length control field 01446cam a22003854a 4500
001 - CONTROL NUMBER
control field 12761535
003 - CONTROL NUMBER IDENTIFIER
control field OSt
005 - DATE AND TIME OF LATEST TRANSACTION
control field 20150827092746.0
008 - FIXED-LENGTH DATA ELEMENTS--GENERAL INFORMATION
fixed length control field 020501s2003 maua 001 0 eng
010 ## - LIBRARY OF CONGRESS CONTROL NUMBER
LC control number 2002070972
020 ## - INTERNATIONAL STANDARD BOOK NUMBER
International Standard Book Number 007124087
040 ## - CATALOGING SOURCE
Original cataloging agency DLC
Transcribing agency DLC
Modifying agency DLC
042 ## - AUTHENTICATION CODE
Authentication code pcc
050 00 - LIBRARY OF CONGRESS CALL NUMBER
Classification number TA 330
Item number .M662 2003
082 00 - DEWEY DECIMAL CLASSIFICATION NUMBER
Classification number M 519.5
Item number M64 2003
100 1# - MAIN ENTRY--PERSONAL NAME
Personal name Milton, J. Susan
Fuller form of name (Janet Susan)
245 10 - TITLE STATEMENT
Title Introduction to probability and statistics :
Remainder of title principles and applications for engineering and the computing sciences /
Statement of responsibility, etc Milton, J. Susan
250 ## - EDITION STATEMENT
Edition statement 4th edition.
260 ## - PUBLICATION, DISTRIBUTION, ETC. (IMPRINT)
Place of publication, distribution, etc Boston :
Name of publisher, distributor, etc McGraw-Hill,
Date of publication, distribution, etc 2003.
300 ## - PHYSICAL DESCRIPTION
Extent xvii, 798 pages :
Other physical details illustrations ;
Dimensions 25 cm.
500 ## - GENERAL NOTE
General note Includes index.
526 ## - STUDY PROGRAM INFORMATION NOTE
Reading level 0L to 1700L
562 ## - COPY AND VERSION IDENTIFICATION NOTE
Number of copies for circulation. 1 copy available in the collection
650 #0 - SUBJECT ADDED ENTRY--TOPICAL TERM
Topical term or geographic name as entry element Engineering mathematics.
650 #0 - SUBJECT ADDED ENTRY--TOPICAL TERM
Topical term or geographic name as entry element Computer science
General subdivision Mathematics.
650 #0 - SUBJECT ADDED ENTRY--TOPICAL TERM
Topical term or geographic name as entry element Probabilities.
650 #0 - SUBJECT ADDED ENTRY--TOPICAL TERM
Topical term or geographic name as entry element Statistics.
700 1# - ADDED ENTRY--PERSONAL NAME
Personal name Arnold, Jesse C.
856 42 - ELECTRONIC LOCATION AND ACCESS
Materials specified Publisher description
Uniform Resource Identifier <a href="http://www.loc.gov/catdir/description/mh024/2002070972.html">http://www.loc.gov/catdir/description/mh024/2002070972.html</a>
856 41 - ELECTRONIC LOCATION AND ACCESS
Materials specified Table of contents
Uniform Resource Identifier <a href="http://www.loc.gov/catdir/toc/mh023/2002070972.html">http://www.loc.gov/catdir/toc/mh023/2002070972.html</a>
906 ## - LOCAL DATA ELEMENT F, LDF (RLIN)
a 7
b cbc
c orignew
d 1
e ocip
f 20
g y-gencatlg
942 ## - ADDED ENTRY ELEMENTS (KOHA)
Source of classification or shelving scheme Library of Congress Classification
Koha item type Books
Holdings
Withdrawn status Lost status Source of classification or shelving scheme Damaged status Home library Current library Shelving location Date acquired Total Checkouts Full call number Barcode Date last seen Copy number Price effective from Koha item type Source of acquisition Sub Shelving location
    Library of Congress Classification   College Library College Library General Circulation Section 04/19/2012   TA 330 .M662 2003 C10310 05/15/2018 1 04/19/2012 Books    
    Library of Congress Classification   College Library College Library General Circulation Section 08/27/2015   TA 330 .M662 2003 C19836 05/15/2018   08/27/2015 Books Donation  

Introduction to probability and statistics :

APA

Milton J. S., Arnold J. C., . (2003). Introduction to probability and statistics. Boston: McGraw-Hill.

Chicago

Milton J Susan, Arnold Jesse C, . 2003. Introduction to probability and statistics. Boston: McGraw-Hill.

Harvard

Milton J. S., Arnold J. C., . (2003). Introduction to probability and statistics. Boston: McGraw-Hill.

MLA

Milton J Susan, Arnold Jesse C, . Introduction to probability and statistics. Boston: McGraw-Hill. 2003.

  • Place hold
  • Print
  • Cite
  • Add to your cart (remove)
  • Save record
    BIBTEX Dublin Core MARCXML MARC (non-Unicode/MARC-8) MARC (Unicode/UTF-8) MARC (Unicode/UTF-8, Standard) MODS (XML) RIS
  • More searches
    Search for this title in:
    Other Libraries (WorldCat) Other Databases (Google Scholar) Online Stores (Bookfinder.com) Open Library (openlibrary.org)

Exporting to Dublin Core...

SOUTHVILLE LIBRARY

Southville International School and Colleges Library

1281 Tropical Ave. Cor. Luxembourg St., BF Homes International, Las Pinas City

Tel. No. 8256374 / 252358 Loc. 117/146

Powered by Koha